00334nam a2200109Ia 4500008004100000082000800041100001300049245004400062942000600106952009700112999001500209240331s9999 xx 000 0 und d bSTA aStamp, P 0aTechnology, gender, and power in Africa cL 001040708LaWERCLbWERCLcSSCd2024-03-31l0o 331.4 STAp3150r2024-03-31w2024-03-31yL c2660d2660